00613nam a2200181 a 450000500170000000800410001702000180005805000180007610000160009424500780011026000370018830000100022544000180023565000280025365000210028199900190030295201100032120140412111302.0001113s19uu xx 00 eng d a0-14-034641-4 aERbGe26 1981 aDahl, Roald aGeorge's marvelous medicine /cRoald Dahl ; illustrated by Quentin Blake. aNew York :bPeguin Group,c1981. a88 p. aA Puffin Book aGrandmothers -- Fiction aMagic -- Fiction c103466d103466 00104050aELbELcERd2000-11-13eDonationl0oER Ge26 1981pE4914r2014-04-12 00:00:00w2014-04-12yBK